000 00435 a2200181 4500
260 _aParis
260 _bVigot
245 _aDocteur, j'ai : stratégies diagnostiques et thérapeutiques en médecine ambulatoire
100 _aRaetzo, M.-A.
700 _aRestellini, A.
260 _c1996
300 _a463 p.
035 _a8415
035 _a8416
999 _c18285
_d18285